SPSS / SPSS 6.1 Guide to Data Analysis (Record no. 2235)
[ view plain ]
| 000 -LEADER | |
|---|---|
| fixed length control field | 01030cam a22002054a 4500 |
| 005 - ΗΜΕΡΟΜΗΝΙΑ ΚΑΙ ΩΡΑ ΤΕΛΕΥΤΑΙΑΣ ΕΝΗΜΕΡΩΣΗΣ | |
| Πεδίο ελέγχου | 20250605164035.0 |
| 008 - FIXED-LENGTH DATA ELEMENTS--GENERAL INFORMATION | |
| Πεδίο ελέγχου σταθερού μήκους | 250528s ||||||||||||||||||||||||d |
| 035 ## - SYSTEM CONTROL NUMBER | |
| System control number | 16770 |
| 020 ## - ISBN | |
| ISBN | 134370546 |
| 040 ## - ΠΗΓΗ ΚΑΤΑΛΟΓΟΓΡΑΦΗΣΗΣ | |
| Φορέας πρωτότυπης καταλογογράφησης | MC Athens Campus Library |
| Γλώσσα καταλογογράφησης | Ελληνικά, Μοντέρνα (1453-) |
| Modifying agency | MC Athens Campus Library |
| Κανόνες περιγραφικής καταλογογράφησης | AACR2 |
| 245 1# - ΤΙΤΛΟΣ ΚΑΙ ΔΗΛΩΣΗ ΥΠΕΥΘΥΝΟΤΗΤΑΣ | |
| Τίτλος | SPSS / SPSS 6.1 Guide to Data Analysis |
| 250 ## - EDITION STATEMENT | |
| Edition statement | 1st |
| 260 ## - PUBLICATION, DISTRIBUTION, ETC. | |
| Name of publisher, distributor, etc. | Prentice Hall |
| 300 ## - PHYSICAL DESCRIPTION | |
| Extent | 582 |
| 520 ## - SUMMARY, ETC. | |
| Summary, etc. | This book includes operating instructions for SPSS software on Windows and Macintosh computers to show you how to get the exact results you need. Getting Started, Introduction, Describing Data, Counting Responses, Comparing Groups, Looking at Distributors, Plotting Data, Testing Hypotheses, The Normal Distribution, One-Way Analysis of Variance, Two-Way Analysis of Variance, Nonparametric Tests, Examining Relationships, Measuring Association, Analyzing Residuals, Multiple Regression Diagnostics, Transforming and Selecting Data, Bibliography, Index. |
| 700 1# - ΠΡΟΣΘΕΤΗ ΑΝΑΓΡΑΦΗ--ΦΥΣΙΚΟ ΠΡΟΣΩΠΟ | |
| Personal name | Norusis Marija J |
| 9 (RLIN) | 2860 |
| 942 ## - ADDED ENTRY ELEMENTS (KOHA) | |
| Koha item type | Books |
| Τύπος τεκμηρίου | Βιβλιοθήκη | Τρέχουσα τοποθεσία | Barcode | Αριθμός εισαγωγής | Ημερομηνία απόκτησης | Ταξιθετικό σύμβολο | Αριθμός αντιτύπου | Κατάσταση απόσυρσης | Κατάσταση χαμένου | Κατάσταση κατεστραμμένου | Μη δανεισμός | Σύνολο δανεισμών | Ημερομηνία τελευταίας εμφάνισης | Η τιμή ισχύει από |
|---|---|---|---|---|---|---|---|---|---|---|---|---|---|---|
| Books | MC Athens Campus Library | MC Athens Campus Library | 9780000022349 | 4999 | 05/06/2025 | 005.5 NOR | 1 | 05/06/2025 | 05/06/2025 |